[Event "NATO Chess Championship 2010"]
[Site "Koge"]
[Date "2010.10.21"]
[Round "5.1"]
[White "Pedersen, Finn"]
[Black "Giua, Frederic"]
[Result "1-0"]
[WhiteElo "2292"]
[BlackElo "2188"]
[PlyCount "99"]
[EventDate "2010.10.??"]
[EventType "swiss"]
[EventRounds "7"]
[EventCountry "DEN"]
[WhiteTeam "DEN"]
[BlackTeam "FRA"]

1. Nf3 g6 2. g3 Bg7 3. Bg2 c5 4. c4 Nc6 5. O-O d6 6. Nc3 Nf6 7. d4 cxd4 8. Nxd4
Bd7 9. b3 O-O 10. Bb2 Nxd4 11. Qxd4 Bc6 12. Nd5 Bxd5 13. Bxd5 Qc7 14. Bf3 Ne8
15. Qd2 Bxb2 16. Qxb2 Nf6 17. Qd4 a5 18. e3 Nd7 19. a3 Nc5 20. Rab1 Rfc8 21. b4
axb4 22. axb4 Nd7 23. Qd5 Rab8 24. Rfc1 Nb6 25. Qb5 Nd7 26. Bg2 e6 27. Rc3 Ne5
28. c5 d5 29. e4 d4 30. Rc2 Qd7 31. Qxd7 Nxd7 32. f4 e5 33. Bh3 Rd8 34. b5 d3
35. Rc3 Nf6 36. Bg2 exf4 37. gxf4 Nh5 38. f5 Nf4 39. Bf3 f6 40. h4 Kf7 41. Kf2
h6 42. fxg6+ Kxg6 43. Ke3 Ne6 44. Bg4 Kf7 45. Bxe6+ Kxe6 46. Rxd3 Rg8 47. Rd6+
Ke5 48. Rd5+ Ke6 49. Rf1 Rg3+ 50. Kd4 1-0

[Event "NATO Chess Championship 2010"]
[Site "Koge"]
[Date "2010.10.21"]
[Round "5.2"]
[White "Goksel, Doha Cigan"]
[Black "Schenk, Andreas"]
[Result "1/2-1/2"]
[WhiteElo "2264"]
[BlackElo "2519"]
[PlyCount "92"]
[EventDate "2010.10.??"]
[EventType "swiss"]
[EventRounds "7"]
[EventCountry "DEN"]
[WhiteTeam "TUR"]
[BlackTeam "GER"]

1. Nf3 d5 2. d4 Nf6 3. c4 e6 4. Nc3 c6 5. e3 Nbd7 6. Qc2 Bd6 7. Be2 O-O 8. O-O
dxc4 9. Bxc4 b5 10. Be2 Bb7 11. Ne4 Nxe4 12. Qxe4 Qe7 13. b3 e5 14. dxe5 Nxe5
15. Bb2 c5 16. Qf5 g6 17. Qh3 Nxf3+ 18. Bxf3 Bxf3 19. Qxf3 Be5 20. Bxe5 Qxe5
21. Rac1 Rac8 22. Qe2 a6 23. Rc2 Rc6 24. Rfc1 Rfc8 25. h3 Qe6 26. Qf3 Kg7 27.
Qe2 h6 28. h4 h5 29. g3 Qe4 30. a4 Qb4 31. axb5 axb5 32. Qd3 c4 33. Qd4+ Kg8
34. Rc3 Rc5 35. Kg2 Qa5 36. bxc4 Qc7 37. Qe4 Rxc4 38. Rxc4 bxc4 39. Rc3 Qc5 40.
Kh2 Qb4 41. Qd4 Qb2 42. Kg2 Qb7+ 43. Kg1 Qc6 44. e4 Qe6 45. Kg2 Qc6 46. Qd5
Qxd5 1/2-1/2

[Event "NATO Chess Championship 2010"]
[Site "Koge"]
[Date "2010.10.21"]
[Round "5.3"]
[White "Kedzierski, Slawomir"]
[Black "Drabke, Lorenz"]
[Result "0-1"]
[WhiteElo "2102"]
[BlackElo "2435"]
[PlyCount "90"]
[EventDate "2010.10.??"]
[EventType "swiss"]
[EventRounds "7"]
[EventCountry "DEN"]

1. d4 d5 2. Nf3 Nf6 3. c4 c6 4. cxd5 cxd5 5. Nc3 Nc6 6. Bf4 a6 7. e3 Bg4 8. Be2
e6 9. O-O Be7 10. h3 Bxf3 11. Bxf3 O-O 12. Rc1 Rc8 13. Na4 Nd7 14. e4 dxe4 15.
Bxe4 Nf6 16. Bxc6 Rxc6 17. Rxc6 bxc6 18. b3 Nd5 19. Be3 Qa5 20. Qc2 Rc8 21. Rc1
Ba3 22. Rd1 Bd6 23. Rc1 Ba3 24. Rd1 Bd6 25. Rc1 Bb8 26. Qe4 Qb5 27. Rc4 Qa5 28.
Rc1 Ba7 29. g3 Qb4 30. Qd3 Qb5 31. Qd2 h6 32. Rc4 Nxe3 33. Qxe3 Rd8 34. Nc5
Bxc5 35. Rxc5 Qb6 36. Qc3 Rd6 37. b4 Qb7 38. a3 Qd7 39. Qf3 Rxd4 40. Qxc6 Rd1+
41. Kg2 Qd3 42. Rc3 Qf1+ 43. Kf3 Rd3+ 44. Kg4 Qe2+ 45. f3 Rd4+ 0-1

[Event "NATO Chess Championship 2010"]
[Site "Koge"]
[Date "2010.10.21"]
[Round "5.4"]
[White "Helbig, Mark"]
[Black "Alaslar, Devrim"]
[Result "1/2-1/2"]
[WhiteElo "2366"]
[BlackElo "2167"]
[PlyCount "72"]
[EventDate "2010.10.??"]
[EventType "swiss"]
[EventRounds "7"]
[EventCountry "DEN"]

1. d4 f5 2. e4 fxe4 3. Nc3 Nf6 4. Bg5 Nc6 5. d5 Ne5 6. Qd4 Nf7 7. Nh3 e5 8.
dxe6 dxe6 9. Qxd8+ Nxd8 10. O-O-O Bd6 11. Bb5+ Bd7 12. Rhe1 Bxb5 13. Nxb5 Nf7
14. Kb1 h6 15. Bxf6 gxf6 16. Rxe4 Ke7 17. Rde1 e5 18. Nf4 Kd7 19. Nd5 f5 20.
R4e2 Raf8 21. f4 a6 22. fxe5 Nxe5 23. Nbxc7 Rhg8 24. g3 Nf3 25. Rd1 Ne5 26.
Rde1 Nf3 27. Ne6 Nxe1 28. Nxf8+ Rxf8 29. Rxe1 f4 30. gxf4 Bxf4 31. h3 Bd6 32.
a3 h5 33. Re3 h4 34. Rd3 Rf1+ 35. Ka2 Rh1 36. Kb3 Bg3 1/2-1/2

[Event "NATO Chess Championship 2010"]
[Site "Koge"]
[Date "2010.10.21"]
[Round "5.5"]
[White "Wantiez, Fabrice"]
[Black "Oltean, Gusztav"]
[Result "1-0"]
[WhiteElo "2327"]
[BlackElo "2152"]
[PlyCount "63"]
[EventDate "2010.10.??"]
[EventType "swiss"]
[EventRounds "7"]
[EventCountry "DEN"]
[WhiteTeam "BEL"]
[BlackTeam "HUN"]

1. e4 d5 2. exd5 Qxd5 3. Nc3 Qd6 4. d4 Nf6 5. Nf3 c6 6. g3 Bg4 7. Bg2 e6 8. O-O
Qc7 9. h3 Bh5 10. Re1 Bb4 11. a3 Bxc3 12. bxc3 Nbd7 13. a4 O-O 14. a5 a6 15.
Bf4 Qc8 16. c4 Rd8 17. c3 Nc5 18. g4 Bg6 19. Ne5 Be4 20. Bxe4 Ncxe4 21. g5 Nxc3
22. Qf3 Nfe4 23. Rxe4 Nxe4 24. Qxe4 c5 25. dxc5 Qxc5 26. Be3 Qe7 27. Rb1 Rab8
28. Qf4 f6 29. Nc6 bxc6 30. Rxb8 e5 31. Rxd8+ Qxd8 32. Qf5 1-0

[Event "NATO Chess Championship 2010"]
[Site "Koge"]
[Date "2010.10.21"]
[Round "5.6"]
[White "Schott, Guido"]
[Black "Ozkan, Ervin"]
[Result "1/2-1/2"]
[WhiteElo "2174"]
[BlackElo "2220"]
[PlyCount "82"]
[EventDate "2010.10.??"]
[EventType "swiss"]
[EventRounds "7"]
[EventCountry "DEN"]

1. e4 e6 2. d3 d5 3. Nd2 Nf6 4. Ngf3 Be7 5. g3 O-O 6. Bg2 c5 7. O-O Nc6 8. Re1
Qc7 9. Qe2 b6 10. e5 Nd7 11. c3 b5 12. Nf1 b4 13. c4 dxc4 14. dxc4 Bb7 15. Bf4
Rfd8 16. h4 Nf8 17. h5 h6 18. Rad1 Nh7 19. Ne3 Bg5 20. Bxg5 Nxg5 21. Nxg5 hxg5
22. Ng4 Nd4 23. Qe3 Qe7 24. Be4 Nf5 25. Qf3 Bxe4 26. Qxe4 Rac8 27. Kg2 Rxd1 28.
Rxd1 Rd8 29. Rxd8+ Qxd8 30. Ne3 Nd4 31. Ng4 Qe8 32. h6 Qc6 33. Qxc6 Nxc6 34.
hxg7 Kxg7 35. f4 gxf4 36. gxf4 Nd4 37. Nf6 b3 38. axb3 Nxb3 39. Ne4 Na5 40.
Nxc5 Nxc4 41. b3 Nb6 1/2-1/2

[Event "NATO Chess Championship 2010"]
[Site "Koge"]
[Date "2010.10.21"]
[Round "5.7"]
[White "Andersen, Hans Christoph"]
[Black "Ranario, Dan"]
[Result "1-0"]
[WhiteElo "2205"]
[BlackElo "2070"]
[PlyCount "113"]
[EventDate "2010.10.??"]
[EventType "swiss"]
[EventRounds "7"]
[EventCountry "DEN"]
[WhiteTeam "GER"]
[BlackTeam "USA"]
[BlackTeamCountry "USA"]

1. d4 Nf6 2. c4 e6 3. Nc3 d5 4. cxd5 exd5 5. Bg5 c6 6. e3 Bd6 7. Bd3 O-O 8. Qc2
h6 9. Bh4 Re8 10. Nge2 Nbd7 11. O-O Qc7 12. Bg3 a6 13. Rfc1 Nf8 14. b4 Qe7 15.
Bxd6 Qxd6 16. Rab1 Ng4 17. Ng3 h5 18. Nf1 h4 19. h3 Nh6 20. Na4 g6 21. Nb6 Rb8
22. a4 Bf5 23. Bxf5 Nxf5 24. b5 axb5 25. axb5 Ne7 26. Nd2 Ne6 27. Nf3 Qd8 28.
Na4 Rc8 29. bxc6 Nxc6 30. Nb6 Rc7 31. Qb3 Na5 32. Qb5 Nc4 33. Nxd5 Nd6 34. Qb6
Rxc1+ 35. Rxc1 Qxb6 36. Nxb6 Nf5 37. d5 Nd8 38. Rc4 Nd6 39. Ra4 f6 40. Nxh4 g5
41. Nf3 N8f7 42. Nd4 Kg7 43. Ne6+ Kg6 44. Kf1 Nd8 45. Nxd8 Rxd8 46. Ke2 Kf7 47.
Kd3 Ke7 48. Ra8 Rxa8 49. Nxa8 Nc8 50. g3 Kd6 51. e4 b5 52. Kd4 Ne7 53. h4 gxh4
54. gxh4 Ng6 55. h5 Nf4 56. h6 Ne2+ 57. Ke3 1-0

[Event "NATO Chess Championship 2010"]
[Site "Koge"]
[Date "2010.10.21"]
[Round "5.8"]
[White "Jauk, Wilhelm"]
[Black "Van Rijn, Wouter"]
[Result "1-0"]
[WhiteElo "2168"]
[BlackElo "2179"]
[PlyCount "139"]
[EventDate "2010.10.??"]
[EventType "swiss"]
[EventRounds "7"]
[EventCountry "DEN"]
[BlackTeam "NED"]

1. d4 Nf6 2. Nf3 e6 3. Bg5 c5 4. c3 d5 5. e3 h6 6. Bxf6 Qxf6 7. Ne5 Bd6 8. f4
O-O 9. Bd3 c4 10. Bc2 Qh4+ 11. g3 Qh3 12. Qe2 Bd7 13. Nd2 Be8 14. O-O-O f6 15.
Ng6 Bxg6 16. Bxg6 f5 17. Rdg1 Nc6 18. g4 Ne7 19. Bh5 fxg4 20. Bxg4 Qh4 21.
Bxe6+ Kh8 22. Qg2 Qf6 23. Bxd5 Nf5 24. Re1 Rae8 25. Nxc4 Nxe3 26. Nxe3 Bxf4 27.
Kb1 Bxe3 28. Be4 Bf4 29. h4 b5 30. a3 a5 31. h5 b4 32. axb4 axb4 33. Qg6 Qxg6
34. Bxg6 Rxe1+ 35. Rxe1 bxc3 36. bxc3 Bd2 37. Re6 Bxc3 38. d5 Rb8+ 39. Kc2 Bf6
40. Kd3 Kg8 41. Kc4 Rc8+ 42. Kb5 Kf8 43. d6 Rb8+ 44. Kc6 Rc8+ 45. Kb7 Rd8 46.
Kc7 Ra8 47. Re4 Bg5 48. Kd7 Rd8+ 49. Ke6 Ra8 50. Rb4 Bf6 51. Rc4 Rd8 52. Rc7
Bg5 53. Rf7+ Kg8 54. Re7 Kf8 55. Rf7+ Kg8 56. Rf3 Bf6 57. Rf2 Kf8 58. Rc2 Bg5
59. Rf2+ Bf6 60. Rc2 Bg5 61. Rc6 Bf6 62. Rc7 Bg5 63. Rb7 Bf6 64. Bh7 Re8+ 65.
Kd7 Rd8+ 66. Kc7 Kf7 67. Bf5 Ra8 68. Kc6+ Kf8 69. Be6 Ra6+ 70. Kc5 1-0

[Event "NATO Chess Championship 2010"]
[Site "Koge"]
[Date "2010.10.21"]
[Round "5.9"]
[White "Pirs, Matjaz2"]
[Black "Rosenkilde, Alexander"]
[Result "0-1"]
[WhiteElo "1934"]
[BlackElo "2206"]
[PlyCount "84"]
[EventDate "2010.10.??"]
[EventRounds "7"]
[EventCountry "DEN"]
[WhiteTeam "SLO"]
[BlackTeam "DEN"]

1. e4 c5 2. Nf3 Nc6 3. d4 cxd4 4. Nxd4 Nf6 5. Nc3 e5 6. Ndb5 d6 7. Bg5 a6 8.
Na3 b5 9. Nd5 Be7 10. Bxf6 Bxf6 11. g3 O-O 12. Bg2 Bg5 13. O-O Be6 14. c3 Rc8
15. Nc2 Kh8 16. f4 exf4 17. gxf4 Bf6 18. Nce3 b4 19. Qd2 bxc3 20. bxc3 g6 21.
Rac1 Bg7 22. Kh1 Na5 23. Rfd1 Nb7 24. c4 Nc5 25. Rb1 Qh4 26. Kg1 Rfd8 27. Rb6
g5 28. Qf2 Qxf2+ 29. Kxf2 gxf4 30. Nxf4 Be5 31. Nxe6 fxe6 32. Ng4 Rf8+ 33. Ke2
Na4 34. Rdxd6 Bxd6 35. Rxd6 Rxc4 36. Ne3 Rb4 37. Rxa6 Rb2+ 38. Ke1 Nc3 39. Bf1
Rf3 40. Ra8+ Kg7 41. Ra7+ Kf8 42. Nd1 Nxd1 0-1

[Event "NATO Chess Championship 2010"]
[Site "Koge"]
[Date "2010.10.21"]
[Round "5.10"]
[White "Kersic, Matej"]
[Black "Sypien, Mateusz"]
[Result "1/2-1/2"]
[WhiteElo "2139"]
[BlackElo "2265"]
[PlyCount "78"]
[EventDate "2010.10.??"]
[EventType "swiss"]
[EventRounds "7"]
[EventCountry "DEN"]

1. e4 c5 2. Nf3 Nc6 3. c4 g6 4. Nc3 Bg7 5. Be2 d6 6. O-O e6 7. d3 Nge7 8. Be3
Nd4 9. Qd2 O-O 10. Bh6 Nec6 11. Bxg7 Kxg7 12. Nb5 Nxf3+ 13. Bxf3 a6 14. Nc3 Nd4
15. Bd1 b5 16. Ne2 Qf6 17. Qc3 b4 18. Qd2 Bb7 19. Nxd4 Qxd4 20. Bf3 a5 21. Rab1
f5 22. Qe3 Qxe3 23. fxe3 fxe4 24. Bxe4 Bxe4 25. dxe4 a4 26. Rf3 a3 27. b3 Rf6
28. Rd1 Rd8 29. Kf2 Kf7 30. Ke2 Ke7 31. e5 Rxf3 32. exd6+ Rxd6 33. gxf3 Rc6 34.
f4 Rc8 35. Kf3 Rf8 36. Kg3 h6 37. h4 Rf5 38. Rd2 e5 39. Kg4 e4 1/2-1/2

[Event "NATO Chess Championship 2010"]
[Site "Koge"]
[Date "2010.10.21"]
[Round "5.11"]
[White "Keough, Robert"]
[Black "Mestek, Igor"]
[Result "1/2-1/2"]
[WhiteElo "2114"]
[BlackElo "2199"]
[PlyCount "38"]
[EventDate "2010.10.??"]
[EventType "swiss"]
[EventRounds "7"]
[EventCountry "DEN"]

1. e4 d5 2. exd5 Nf6 3. d4 Bg4 4. Be2 Bxe2 5. Nxe2 Qxd5 6. O-O e6 7. Nbc3 Qd7
8. Bg5 Nc6 9. Bxf6 gxf6 10. Ne4 Be7 11. c3 f5 12. Nd2 O-O-O 13. f4 Rhg8 14. Nf3
Bf6 15. Qc2 Rg4 16. Rf2 Rdg8 17. b4 Qd5 18. Qb3 Qxb3 19. axb3 a6 1/2-1/2

[Event "NATO Chess Championship 2010"]
[Site "Koge"]
[Date "2010.10.21"]
[Round "5.12"]
[White "Cheung, Jan"]
[Black "Bieluszewski, Piotr"]
[Result "0-1"]
[WhiteElo "2030"]
[BlackElo "2153"]
[PlyCount "114"]
[EventDate "2010.10.??"]
[EventType "swiss"]
[EventRounds "7"]
[EventCountry "DEN"]

1. d4 d5 2. c4 c6 3. Nf3 Nf6 4. Nc3 e6 5. Bg5 Nbd7 6. e3 Qa5 7. Nd2 Bb4 8. Qc2
O-O 9. Be2 Ne4 10. Ndxe4 dxe4 11. Bh4 e5 12. O-O f5 13. f3 exf3 14. Bxf3 Nf6
15. Bg3 e4 16. Be2 Be7 17. a3 Be6 18. b4 Qb6 19. Na4 Qd8 20. Nc5 Bc8 21. Rad1
Bd6 22. Bxd6 Qxd6 23. Nb3 Kh8 24. Na5 Qc7 25. Qb2 Be6 26. Rd2 Rad8 27. g3 b6
28. Nb3 Qf7 29. Rc1 h6 30. a4 Qg6 31. b5 cxb5 32. axb5 Qg5 33. Rc3 Ng4 34. Bxg4
fxg4 35. Rf2 Rf3 36. Rxf3 gxf3 37. d5 Qh5 38. Qf2 Bh3 39. Nd4 Qe5 40. Rc1 Rd7
41. Nc6 Qf6 42. Qa2 Rf7 43. Kf2 h5 44. Qa1 Qd6 45. Rc3 h4 46. Rc2 hxg3+ 47.
hxg3 Qh6 48. Qh1 Rf5 49. Qg1 Bg2 50. Rd2 Rf6 51. Nxa7 Rg6 52. Nc8 Rxg3 53. d6
Rh3 54. Ke1 Rh1 55. Qxh1 Qxh1+ 56. Kf2 Qh4+ 57. Kg1 Qe1+ 0-1

[Event "NATO Chess Championship 2010"]
[Site "Koge"]
[Date "2010.10.21"]
[Round "5.13"]
[White "Szczesniak, Andrzej"]
[Black "Redman, Michael"]
[Result "1-0"]
[WhiteElo "2053"]
[BlackElo "2152"]
[PlyCount "69"]
[EventDate "2010.10.??"]
[EventType "swiss"]
[EventRounds "7"]
[EventCountry "DEN"]
[WhiteTeam "POL"]
[BlackTeam "UK"]

1. c4 Nf6 2. Nc3 g6 3. g3 Bg7 4. Bg2 O-O 5. e4 d6 6. Nge2 e5 7. O-O Nc6 8. d3
Nh5 9. h3 f5 10. exf5 gxf5 11. Nd5 f4 12. Nec3 Rf5 13. Ne4 Nd4 14. g4 Rf7 15.
gxh5 c6 16. Ndc3 f3 17. Bg5 Qd7 18. Bh1 Qxh3 19. Ng3 Bg4 20. Qd2 Bxh5 21. Be3
Bg4 22. Nce4 Rf5 $138 23. Bxd4 exd4 24. Nxf5 Bxf5 25. Qg5 Kh8 26. Qg3 Qh6 27.
Qxd6 Qh4 28. Qg3 Qh6 29. Ng5 Rf8 30. Rfe1 Bf6 31. Re8 Qg7 32. Rae1 Bg6 33.
Rxf8+ Qxf8 34. Ne4 Bg7 35. Bxf3 1-0

[Event "NATO Chess Championship 2010"]
[Site "Koge"]
[Date "2010.10.21"]
[Round "5.14"]
[White "Koopmeiners, Karl"]
[Black "Lazar, Ales Sr"]
[Result "1/2-1/2"]
[WhiteElo "2011"]
[BlackElo "2146"]
[PlyCount "105"]
[EventDate "2010.10.??"]
[EventType "swiss"]
[EventRounds "7"]
[EventCountry "DEN"]

1. d4 Nf6 2. c4 e6 3. Nf3 b6 4. g3 Bb7 5. Bg2 Be7 6. O-O O-O 7. Re1 d5 8. cxd5
Nxd5 9. Ne5 Nd7 10. e4 N5f6 11. Nc4 c5 12. d5 exd5 13. exd5 Re8 14. d6 Bxg2 15.
dxe7 Rxe7 16. Kxg2 Qe8 17. Rxe7 Qxe7 18. Nc3 Re8 19. Bg5 b5 20. Bxf6 Nxf6 21.
Ne3 b4 22. Ncd5 Qe4+ 23. Qf3 Nxd5 24. Nxd5 Qd4 25. Rc1 Qxb2 26. Rxc5 Qxa2 27.
Nxb4 Qe6 28. Rc6 Qd7 29. Ra6 h6 30. Qc6 Qe7 31. Rxa7 Qxa7 32. Qxe8+ Kh7 33.
Qe4+ Kg8 34. Nc6 Qd7 35. Nd4 g6 36. h4 h5 37. Nf3 Qa7 38. Ne5 Kg7 39. Nc6 Qb7
40. Kh2 Qb3 41. Qe5+ Kh7 42. Ne7 Qa2 43. Qf6 Qc4 44. Nc6 Qa2 45. Ne5 Kg8 46.
Nxg6 fxg6 47. Qxg6+ Kf8 48. Qxh5 Qxf2+ 49. Kh3 Qf1+ 50. Kg4 Qe2+ 51. Kg5 Qe5+
52. Kg4 Qe2+ 53. Kg5 1/2-1/2

[Event "NATO Chess Championship 2010"]
[Site "Koge"]
[Date "2010.10.21"]
[Round "5.15"]
[White "Harwood, Duncan"]
[Black "Bucholtz, Robert"]
[Result "1/2-1/2"]
[WhiteElo "1939"]
[BlackElo "2139"]
[PlyCount "47"]
[EventDate "2010.10.??"]
[EventType "swiss"]
[EventRounds "7"]
[EventCountry "DEN"]
[WhiteTeam "UK"]
[BlackTeam "USA"]
[BlackTeamCountry "USA"]

1. e4 c6 2. d4 d5 3. f3 e6 4. Bf4 Bd6 5. Bxd6 Qxd6 6. Qd2 h6 7. e5 Qc7 8. Na3
b5 9. c3 a6 10. Nh3 Nd7 11. Nf2 Ne7 12. g4 Qb6 13. b4 Qc7 14. h4 Bb7 15. h5
O-O-O 16. Nd3 Kb8 17. Nc2 Nc8 18. a4 Ncb6 19. a5 Nc4 20. Qe2 Rhf8 21. f4 f6 22.
Bg2 fxe5 23. fxe5 Rf7 24. Rf1 1/2-1/2

[Event "NATO Chess Championship 2010"]
[Site "Koge"]
[Date "2010.10.21"]
[Round "5.16"]
[White "Geroly, Jozsef"]
[Black "Picart, Laurent"]
[Result "1-0"]
[WhiteElo "1982"]
[BlackElo "2139"]
[PlyCount "61"]
[EventDate "2010.10.??"]
[EventType "swiss"]
[EventRounds "7"]
[EventCountry "DEN"]
[BlackTeamCountry "USA"]

1. Nf3 Nf6 2. d4 d5 3. Bf4 c6 4. c3 Qb6 5. Qb3 Qxb3 6. axb3 Bf5 7. Nbd2 Nbd7 8.
h3 Ne4 9. Nxe4 Bxe4 10. Nd2 Bg6 11. f3 f6 12. e4 e5 13. Be3 exd4 14. Bxd4 dxe4
15. Nxe4 Bxe4 16. fxe4 c5 17. Bf2 Bd6 18. Bc4 a6 19. O-O-O Ke7 20. Kc2 Ne5 21.
Bd5 Rab8 22. Ra1 h5 23. Ra5 Rhc8 24. c4 Nc6 25. Bxc6 Rxc6 26. Rd1 Ra8 27. Rd5
b6 28. Ra1 g6 29. Rad1 a5 30. Bh4 Ke6 31. Bxf6 1-0

[Event "NATO Chess Championship 2010"]
[Site "Koge"]
[Date "2010.10.21"]
[Round "5.17"]
[White "Kapral, Krzysztof"]
[Black "Kiss, Jozsef"]
[Result "1-0"]
[WhiteElo "2127"]
[BlackElo "2105"]
[PlyCount "73"]
[EventDate "2010.10.??"]
[EventType "swiss"]
[EventRounds "7"]
[EventCountry "DEN"]
[WhiteTeam "POL"]
[BlackTeam "HUN"]

1. d4 d5 2. c4 c6 3. cxd5 cxd5 4. Nc3 Nc6 5. Bf4 Nf6 6. e3 a6 7. Bd3 e6 8. Nf3
Be7 9. O-O Nh5 10. Be5 O-O 11. Rc1 Bd7 12. h3 Nxe5 13. Nxe5 Nf6 14. f4 Rc8 15.
g4 Bc6 16. Qc2 g6 17. f5 exf5 18. gxf5 Ne4 19. Nxe4 dxe4 20. Bxe4 Bg5 21. Nxc6
Bxe3+ 22. Kh1 Qh4 23. Rce1 Bxd4 24. Qd3 bxc6 25. Qxd4 Qxh3+ 26. Kg1 Qg4+ 27.
Kf2 Rcd8 28. Qc3 Rfe8 29. fxg6 hxg6 30. Bg2 Rxe1 31. Rxe1 Qf5+ 32. Kg1 c5 33.
Rf1 Qe6 34. b3 Qd6 35. Qc4 Qe5 36. Qxf7+ Kh8 37. Qf6+ 1-0

[Event "NATO Chess Championship 2010"]
[Site "Koge"]
[Date "2010.10.21"]
[Round "5.18"]
[White "Parisse, Denis"]
[Black "Skindzier, Saturnin"]
[Result "0-1"]
[WhiteElo "1960"]
[BlackElo "2173"]
[PlyCount "48"]
[EventDate "2010.10.??"]
[EventType "swiss"]
[EventRounds "7"]
[EventCountry "DEN"]
[WhiteTeam "NATO"]
[BlackTeam "POL"]

1. e4 c5 2. f4 Nc6 3. Nf3 g6 4. c3 d5 5. e5 Bg7 6. d3 Nh6 7. Be2 O-O 8. O-O b6
9. Na3 Bb7 10. Nc2 d4 11. cxd4 cxd4 12. Bd2 f6 13. Qe1 Rc8 14. Rc1 Qd5 15. Nb4
Nxb4 16. Bxb4 Nf5 17. Qf2 Ne3 18. Rxc8 Rxc8 19. Nxd4 fxe5 20. Bf3 Qxd4 21. Bxb7
Rc2 22. Qf3 Nxf1+ 23. Kh1 Ne3 24. h4 Rc1+ 0-1

[Event "NATO Chess Championship 2010"]
[Site "Koge"]
[Date "2010.10.21"]
[Round "5.19"]
[White "Nielsen, Rene O"]
[Black "Mottais, Francois"]
[Result "1-0"]
[WhiteElo "2158"]
[BlackElo "2071"]
[PlyCount "52"]
[EventDate "2010.10.??"]
[EventType "swiss"]
[EventRounds "7"]
[EventCountry "DEN"]
[WhiteTeam "DEN"]
[BlackTeam "FRA"]

1. e4 c5 2. c3 a6 3. d4 cxd4 4. cxd4 d5 5. exd5 Nf6 6. Nc3 b5 7. Qb3 Qb6 8. Be3
Bb7 9. Nf3 Nbd7 10. Ne5 Rd8 11. Rc1 Nb8 12. Bc4 Rd6 13. Bxb5+ axb5 14. Nxb5
Nxd5 15. Nxd6+ exd6 16. Qa4+ Ke7 17. Nd3 Nxe3 18. fxe3 Bxg2 19. Rg1 Be4 20. Rc8
Nc6 21. Kd2 g6 22. Rc1 Kd7 23. Qa8 Bg7 24. Rxh8 Bxh8 25. Qxh8 Bxd3 26. d5 Qxb2+
1-0

[Event "NATO Chess Championship 2010"]
[Site "Koge"]
[Date "2010.10.21"]
[Round "5.20"]
[White "Wagenaar, Harm Theo"]
[Black "Nielsen, Jan Mose"]
[Result "0-1"]
[WhiteElo "2072"]
[BlackElo "2127"]
[PlyCount "100"]
[EventDate "2010.10.??"]
[EventType "swiss"]
[EventRounds "7"]
[EventCountry "DEN"]

1. c4 Nf6 2. g3 c6 3. Nf3 d5 4. Qc2 g6 5. Bg2 Bf5 6. d3 Nbd7 7. Nbd2 e5 8. e4
dxe4 9. dxe4 Be6 10. O-O h6 11. b3 Qc7 12. Bb2 Bg7 13. b4 O-O 14. a4 a5 15. b5
Nh7 16. Rac1 Rfc8 17. Rfd1 f6 18. Ba3 Bf8 19. Qb2 Nc5 20. Bxc5 Bxc5 21. Nb3 Bb4
22. Bf1 Qf7 23. Nbd2 Nf8 24. Rc2 Nd7 25. Rdc1 Nc5 26. Qa1 Rd8 27. bxc6 bxc6 28.
Qa2 Rd7 29. Re1 Rad8 30. Re3 h5 31. Kg2 Rd6 32. Nb3 Qd7 33. Nxc5 Bh3+ 34. Kg1
Rd1 35. Ne1 Bxe1 36. Nxd7 Bd2 37. c5+ Kg7 38. Qc4 Bxf1 39. Qxf1 Rxf1+ 40. Kxf1
Bxe3 41. Nxe5 fxe5 42. fxe3 Rd1+ 43. Kf2 Ra1 44. Rc4 Ra2+ 45. Kg1 h4 46. gxh4
Kh6 47. Kf1 Kh5 48. Ke1 Kxh4 49. Kd1 g5 50. Rc2 Rxc2 0-1

[Event "NATO Chess Championship 2010"]
[Site "Koge"]
[Date "2010.10.21"]
[Round "5.21"]
[White "Krainski, Slawomir"]
[Black "Jose, Franco Moncera"]
[Result "1-0"]
[WhiteElo "2115"]
[BlackElo "2066"]
[PlyCount "95"]
[EventDate "2010.10.??"]
[EventType "swiss"]
[EventRounds "7"]
[EventCountry "DEN"]

1. d4 Nf6 2. Nf3 g6 3. Nc3 d5 4. Bf4 Bg7 5. Qd2 O-O 6. Bh6 c6 7. Ne5 Qc7 8.
Bxg7 Kxg7 9. f3 Rd8 10. g4 Nbd7 11. Nxd7 Bxd7 12. O-O-O h5 13. g5 Ne8 14. e4
dxe4 15. fxe4 Bg4 16. Be2 Bxe2 17. Nxe2 c5 18. d5 Qe5 19. Qc3 Qxc3 20. Nxc3 Nd6
21. Rhe1 a6 22. e5 Nf5 23. Ne4 Nd4 24. d6 exd6 25. exd6 Rac8 26. c3 Nf3 27. Re2
c4 28. Rd5 Rc6 29. Rf2 Ne1 30. Rf6 Nd3+ 31. Kc2 Rb6 32. b3 cxb3+ 33. axb3 Ne1+
34. Kd2 Ng2 35. b4 Nh4 36. d7 Rb5 37. Rxb5 axb5 38. Nc5 b6 39. Rxb6 Nf3+ 40.
Ke3 Nxg5 41. Rd6 Kf8 42. Rd5 Ne6 43. Nb7 Nc7 44. Nxd8 Nxd5+ 45. Kd4 Ke7 46.
Kxd5 Kxd8 47. Kd6 f5 48. c4 1-0

[Event "NATO Chess Championship 2010"]
[Site "Koge"]
[Date "2010.10.21"]
[Round "5.22"]
[White "Nielsen, Henrik"]
[Black "Franck, Boris"]
[Result "1/2-1/2"]
[WhiteElo "2008"]
[BlackElo "2105"]
[PlyCount "83"]
[EventDate "2010.10.??"]
[EventType "swiss"]
[EventRounds "7"]
[EventCountry "DEN"]
[WhiteTeam "DEN"]
[BlackTeam "FRA"]

1. d4 g6 2. g3 Bg7 3. Bg2 c6 4. Nf3 d6 5. O-O Nd7 6. e4 Qc7 7. c4 Ngf6 8. Re1
e5 9. d5 cxd5 10. cxd5 O-O 11. Nc3 a6 12. Bg5 h6 13. Bd2 b5 14. Rc1 Qb7 15. b4
Nb6 16. a4 Nc4 17. a5 Ne8 18. Bf1 Nxd2 19. Qxd2 f5 20. Bg2 Kh7 21. h3 Nf6 22.
Nh4 Ng8 23. Kh2 Qe7 24. Nd1 f4 25. Nf3 fxg3+ 26. fxg3 Bb7 27. Nf2 Rf7 28. Rc3
Rc8 29. Rec1 Rxc3 30. Rxc3 Qd8 31. Qc2 Nf6 32. Kg1 Nh5 33. Kh2 Bf6 34. Ng4 Bg5
35. Nxg5+ hxg5 36. Qc1 Rg7 37. Qc2 Rf7 38. Qc1 Rg7 39. Qc2 Nf6 40. Nxf6+ Qxf6
41. Rc7 Qd8 42. Rc3 1/2-1/2

[Event "NATO Chess Championship 2010"]
[Site "Koge"]
[Date "2010.10.21"]
[Round "5.23"]
[White "Engelen, Johan"]
[Black "Baudin, Frederic"]
[Result "1-0"]
[WhiteElo "1958"]
[BlackElo "2096"]
[PlyCount "69"]
[EventDate "2010.10.??"]
[EventType "swiss"]
[EventRounds "7"]
[EventCountry "DEN"]
[WhiteTeam "NED"]
[BlackTeam "FRA"]

1. c4 e5 2. g3 Nc6 3. Bg2 f5 4. Nc3 Nf6 5. d3 Bc5 6. e3 f4 7. Ne4 Nxe4 8. Bxe4
Qf6 9. Bd2 fxe3 10. fxe3 d6 11. Qe2 Bf5 12. Bxf5 Qxf5 13. O-O-O O-O 14. g4 Qe6
15. Nh3 a6 16. Ng5 Qe7 17. Ne4 b5 18. Rhf1 Bb6 19. Rf5 g6 20. Rxf8+ Rxf8 21. g5
Nd8 22. Rf1 Rxf1+ 23. Qxf1 Ne6 24. Nf6+ Kg7 25. e4 bxc4 26. dxc4 Bd4 27. Qh3
Nf8 28. Qc8 a5 29. Ne8+ Kg8 30. Nxc7 Qf7 31. Nd5 Qf1+ 32. Kc2 Qf3 33. Nf6+ Kg7
34. Qb7+ Kh8 35. Qf7 1-0

[Event "NATO Chess Championship 2010"]
[Site "Koge"]
[Date "2010.10.21"]
[Round "5.24"]
[White "Toll, Alec"]
[Black "Adkins, James"]
[Result "0-1"]
[WhiteElo "2095"]
[BlackElo "2022"]
[PlyCount "72"]
[EventDate "2010.10.??"]
[EventType "swiss"]
[EventRounds "7"]
[EventCountry "DEN"]
[WhiteTeam "UK"]
[BlackTeam "USA"]
[BlackTeamCountry "USA"]

1. d4 Nf6 2. Bg5 c5 3. d5 Qb6 4. Nc3 Qxb2 5. Bd2 Qb6 6. e4 d6 7. Rb1 Qc7 8. Be2
g6 9. f4 Bg7 10. Nf3 O-O 11. O-O a6 12. a4 Bg4 13. h3 Bd7 14. Qe1 Bxa4 15. e5
Bxc2 16. exf6 Bxf6 17. Rb2 Bf5 18. g4 Bd7 19. Rc2 b5 20. Ne4 Bg7 21. Ba5 Qb7
22. Bc3 b4 23. Bxg7 Kxg7 24. Bc4 Bb5 25. f5 Bxc4 26. f6+ exf6 27. Rxc4 Qxd5 28.
Qa1 Qxc4 29. Qxf6+ Kg8 30. Nxd6 Qe6 31. Qf4 Qd5 32. Qh6 Qxd6 33. g5 Nc6 34. Nh4
Qg3+ 35. Kh1 Qxh3+ 36. Kg1 Nd4 $138 0-1